000 00455nam a2200181Ia 4500
003 GCL
008 140319s9999 xx 000 0 eng d
040 _aGCL /
_cGCL
082 0 4 _a279
_bA I
100 1 _aABDEL WADOD, SHALABI
245 1 0 _aISLAM : RELIGION OF LIFE /
_cABDEL WADOD, SHALABI
260 _a[S.N] :
_bDER EL-SHOROUK ،
_c1993
300 _a79 P P
650 0 4 _aنجد
650 0 4 _aISLAM - HISTORY
650 0 4 _aKORAN
942 _2ddc
_cBK
999 _c11886
_d11886